Школа изобразительного искусства: В 10-ти вып; Вып. 7

Detalles Bibliográficos
Outros autores: Сысоев П. М. (редактор)
Idioma:ruso
Publicado: Москва, Искусство, 1966
Edición:2-е изд., испр. и доп.
Subjects:
Formato: Libro
KOHA link:https://koha.lib.tpu.ru/cgi-bin/koha/opac-detail.pl?biblionumber=21368

MARC

LEADER 00000nam0a2200000 4500
001 21368
005 20231101205426.0
035 |a (RuTPU)RU\TPU\book\21567 
035 |a BOOK00006260 
090 |a 21368 
100 |a 20011209d1966 m y0rusy50 ca 
101 0 |a rus 
102 |a RU 
105 |a a j 000zy 
200 1 |a Школа изобразительного искусства  |e В 10-ти вып  |h Вып. 7  |f под ред. П. М. Сысоева 
205 |a 2-е изд., испр. и доп. 
210 |a Москва  |c Искусство  |d 1966 
215 |a 128 с.  |c ил. 
606 1 |a Искусство  |2 stltpush  |3 (RuTPU)RU\TPU\subj\13187  |9 39838 
610 1 |a изобразительное искусство 
610 1 |a живопись 
610 1 |a скульптура 
610 1 |a учебные пособия 
675 |a 7(07)  |v 3 
702 1 |a Сысоев  |b П. М.  |4 340 
801 0 |a RU  |b 63413507  |c 20011209  |g PSBO 
801 2 |a RU  |b 63413507  |c 20141105  |g PSBO 
900 |a Рисунок 
942 |c BK